| 000 | 006090000a22001810004500 | ||
|---|---|---|---|
| 003 | MACL | ||
| 005 | 20160526111501.0 | ||
| 008 | 160526b xxu||||| |||| 00| 0 eng d | ||
| 040 |
_aMACL _cMACL |
||
| 041 | _aHindi | ||
| 082 | _a891.433 AGA | ||
| 100 |
_aअग्रवाल, प्रिया _959610 |
||
| 245 |
_aखिलते फूल चटकती कलियॉ _cप्रिया अग्रवाल |
||
| 260 |
_aअहमदाबाद _bपाश्रर्व प्रकाशन _c2009 |
||
| 350 | _a150 | ||
| 650 |
_aकविता _9226 |
||
| 942 |
_cHIN _k891.433/AGA/N _2ddc |
||
| 999 |
_c47047 _d47047 |
||